000 00611cam a2200181 i 4500
005 20251230103900.0
008 250721s1991 ua gr 000 0 ara d
082 1 4 _a219
_bغ ز ا
100 1 _aالغزالي، أبوحامد محمد
_eمؤلف.
245 1 2 _aالمنقذ من الضلال /
_cلأبي حامد الغزالي.
264 3 1 _aالقاهرة :
_bمركز الكتاب،
_c1991.
300 _a62 صفحة.
650 1 7 _aالتصوف الإسلامي.
650 1 7 _aعلم الكلام.
650 1 7 _aالفرق الإسلامية.
942 _2ddc
_cBK
999 _c85580
_d85580